Tropical rain forests : an ecological and biogeographical comparison

Bibliographic Details
Main Author: Primack, Richard B.
Other Authors: Corlett, Richard
Format: Book
Published: Malden, MA : Blackwell Pub. , 2005.
Subjects:

MARC

LEADER 00000cam a2200000 7i4500
001 0000003468
005 20060327.0
020 0 0 |a 0632045132 
090 0 0 |a 577.34   |b PRI 
100 1 0 |a Primack, Richard B., 
245 1 0 |a Tropical rain forests :   |b an ecological and biogeographical comparison   |c Richard Primack & Richard Corlett. 
260 0 0 |a Malden, MA :   |b Blackwell Pub. ,   |c 2005. 
300 |a ix, 319 p. :   |b ill. (some col.), maps ;   |c 26 cm. 
650 0 0 |a Rain forest ecology. 
650 0 0 |a Rain forests. 
700 1 1 |a Corlett, Richard 
999 |a 0000006662   |b Monograph   |c Open Shelf   |e Default branch